00316nam a22001097a 4500082001600000100002400016245008000040260004400120300001200164563000800176650002200184 a346.02bKHA aKhan, Iftikhar Raza aThe Contract Act (ix of 1872) : bwith latest case lawscIftikhar Raza Khan aLahore :bKashif Law Book House,c2022. a1048 p. aHB. aLaw, Contract act